00473nam a22001697a 450000500170000000800410001702000180005804000210007604100080009708200170010510000320012224500540015425000120020826000330022030000100025365000400026320231016113804.0231016b ||||| |||| 00| 0 eng d a9789393805966 aIN-DiNCcIN-DiNC deng a301.092bBHU aBhuyan, Dilip Kumareauthor aSociological thinkers(II)/cby Dilip Kumar Bhuyan a1st ed. aDibrugarh:bBanalata,c2023. a139p. aPost colonial theories in sociology